Vista normal Vista MARC

Entrada Nombre personal

Número de registros utilizados en: 4

001 - NÚMERO DE CONTROL

  • campo de control: 69247

003 - IDENTIFICADOR DE NÚMERO DE CONTROL

  • campo de control: OSt

005 - FECHA Y HORA DE LA ÚLTIMA TRANSACCIÓN

  • campo de control: 20251012195636.0

008 - ELEMENTOS DE DATO DE LONGITUD-FIJA

  • campo de control de longitud fija: 051215 n acnnnaaan n ann d

040 ## - FUENTE DE CATALOGACIÓN

  • Centro catalogador/agencia de origen: OSt
  • Centro/agencia transcriptor: OSt

100 1# - ENCABEZAMIENTO-NOMBRE DE PERSONA

  • Nombre de persona: Laborde, Alexandre de,
  • Fechas asociadas al nombre: 1774-1842

400 1# - TRAZADO DE VÉASE--NOMBRE DE PERSONA

  • Nombre de persona: Laborde, Alexandre (
  • Fechas asociadas al nombre: 1774-1842)

400 1# - TRAZADO DE VÉASE--NOMBRE DE PERSONA

  • Nombre de persona: Laborde, Alexandre Louis Joseph
  • Títulos y otros términos asociados al nombre: Comte de (
  • Fechas asociadas al nombre: 1774-1842)

400 1# - TRAZADO DE VÉASE--NOMBRE DE PERSONA

  • Nombre de persona: Laborde, Alexandre
  • Títulos y otros términos asociados al nombre: Conde de (
  • Fechas asociadas al nombre: 1773-1842)